000 00379nam a2200109Ia 4500
008 171204s9999 xx 000 0 und d
245 _aCognitive Abilities and Educational Outcomes:
245 _cKajsa Yang Hansen, Monica Rosén, and Ulrika Wo
260 _c2016
650 _xField Study 5: Learning Assessment Strategies
856 _uhttp://down.ebook777.com/058/3319434721.pdf
999 _c345829
_d345829